Eredivisie Relegated Teams - Statistics

General Stats
  • This quiz has been taken 182 times
    73 since last reset
  • The average score is 21 of 26
Answer Stats
Years Team Worst Points % Correct
2018 FC Twente 24
91%
2002, 2010, 2018 Sparta Rotterdam 24
91%
2024 Vitesse 6
91%
2011, 2013, 2022, 2025 Willem II 15
91%
2007, 2021 ADO Den Haag 17
89%
1998, 2023 FC Groningen 18
89%
1998, 2004, 2009, 2024 FC Volendam 19
89%
2004, 2022 PEC Zwolle 26
89%
2025 Almere City 22
88%
2003, 2008, 2012, 2019, 2024 Excelsior 19
88%
2022 Heracles 34
88%
1999, 2015, 2019 NAC Breda 23
88%
2003, 2005, 2009, 2012, 2016, 2019 De Graafschap 19
84%
2015, 2017 Go Ahead Eagles 23
84%
2007, 2010, 2014, 2025 RKC Waalwijk 15
84%
2014, 2017 NEC 30
82%
2000, 2002, 2005 FC Den Bosch 19
80%
2021, 2023 FC Emmen 28
80%
2014, 2018 Roda JC 29
79%
2008, 2013, 2021 VVV-Venlo 23
79%
2000, 2016, 2023 Cambuur 18
77%
1997 AZ 25
75%
2002 Fortuna Sittard 17
75%
2000 MVV Maastricht 25
68%
2015 FC Dordrecht 20
61%
2001, 2006 RBC Roosendaal 9
50%
No matching quizzes found
Score Distribution
Percent of People with Each Score
Percentile by Number Answered
Your Score History
You have not taken this quiz since the last reset